| 000 | 00633cab a22001935a 4500 | ||
|---|---|---|---|
| 001 | L153843 | ||
| 008 | 110906e20110909xxk 000 0 eng d | ||
| 035 | _a(Sirsi) u153843 | ||
| 041 | 0 | _aeng | |
| 100 | 1 | _aSandher, Hardeep | |
| 245 | 0 | 0 |
_a10 years on _bthe rebuilding of the World Trade Center |
| 260 | _c2011 | ||
| 490 |
_aProperty Week _v77(36) 9 September 2011, 34-38(5) |
||
| 520 | _aLooks at the reasons behind delays in the rebuilding of the World Trade Center, and reports on how the redevelopment is progressing. | ||
| 590 | _aKA | ||
| 651 | 4 |
_aUnited Kingdom _y |
|
| 690 | _aPROPERTY-COMMERCIAL PROPERTY | ||
| 942 | _n0 | ||
| 999 |
_c83401 _d83401 |
||